000 00382nam a2200157Ia 4500
008 131103s9999 xx 000 0 und d
040 _aLoreto College
041 _aEnglish
082 _aCHBK-I/WAL
_bLCBED/10317
245 _aElephant book
260 _a[s.l.]
_b[s.n.]
_c[19?]
300 _a57p.
_b pic.
_c 26cm.
650 _aCHBK-I
850 _aLCBED/CHBK-I/WAL
942 _cBK
999 _c32167
_d82646